000 00340nam a2200169Ia 4500
001 5313
005 20250626025207.0
008 211022s9999 xx 000 0 und d
082 _a759.9493 KAY
100 _aKay, Marguerite
245 0 _aBruegel
260 _aLondon
260 _bHamlyn
260 _c1969
300 _a
942 _cBK
999 _c3432
_d3432